| 000 | 00610nam a22002177a 4500 | ||
|---|---|---|---|
| 003 | UA-OsUOA | ||
| 001 | 99089 | ||
| 007 | ta | ||
| 008 | 20130423b un ||||| |||| 00| 0 ukr d | ||
| 100 | _aГалкин А.А. | ||
| 090 |
_a32 _bГ16 |
||
| 942 | _cSA | ||
| 040 |
_aUA-OsUOA _brus _cUA-OsUOA _dUA-OsUOA |
||
| 245 | _aОбъективные вызовы и национальная идентичность: тенденции и проблемы | ||
| 300 | _aС.6-24 | ||
| 955 | _a0 | ||
| 041 | _arus | ||
| 080 | _a32 | ||
| 773 | 0 |
_w99088 _tПолития _dМ. _d2013 _g1 |
|
| 650 | 7 |
_a32 Політика _2UDC |
|
| 999 |
_c385581 _d385581 |
||